| 000 | 01437nam a22002657a 4500 | ||
|---|---|---|---|
| 005 | 20170124103156.0 | ||
| 010 | _aB-179093 | ||
| 020 |
_c300.00 _a818143370 |
||
| 035 | _aB-179093 | ||
| 037 | _bCen Lib/Ret | ||
| 040 |
_aDPL _bHN |
||
| 082 |
_a954.13 _bराष्ट्रवा |
||
| 245 |
_aराष्ट्रवाद का अयोध्या कांड : _cआशिस नंदी...[et al.] ; अनुवादक अभय कुमार दुबे _bरामजन्मभूमि आन्दोलन और आत्मा--भय की राजनीति / |
||
| 246 |
_aRashtriyavad ka ayodhya kand : ramjanmbhomi andolan aur atma bhay ki rajniti / _bAshim Nandi..[et al.] ; anuvadak Abhay Kumar ube |
||
| 260 |
_aनई दिल्ली _bवाणी प्रकाशन _c2005 |
||
| 270 |
_bनई दिल्ली _a4669/5, 29, ए, दरियागंज _e110002 |
||
| 300 |
_a236पृ. _c19सेमी(सजिल्द ) |
||
| 650 |
_aइतिहास-अयोध्या _x _z _989874 |
||
| 650 |
_aराष्ट्रवाद इतिहास--अयोध्या _982874 |
||
| 650 |
_aHistory - Ayodhya _989875 |
||
| 650 |
_aNationalism History - Ayodhya _989876 |
||
| 700 |
_aनंदी, आशिस _989877 |
||
| 700 |
_aदुबे, अभय कुमार _948572 |
||
| 942 |
_2ddc _cHN _h954.13 _mराष्ट्रवा |
||
| 999 |
_c120345 _d120345 |
||